00497 a2200181 450000100060000002000150000604000240002110000340004524000270007924500220010630000070012836200090013544000120014465000310015694200070018795201040019499900170029870659 a8508092261 cAnchieta - Itaigara aFaugeron, Françoise Rastoin10aA alimentaçãolpor10aA alimentação a310 a2004 1aÁtica 4aLiteratura infanto-juvenil cBK 00104070a88.1b88.1d2023-11-21l0o028.5 FAU ALIp4243/ITAr2023-11-21 20:05:44w2023-11-21yBK c70659d70659